|
|
|
|
| LEADER |
00738nam a2200205Ia 4500 |
| 001 |
CTU_210027 |
| 008 |
210402s9999 xx 000 0 und d |
| 082 |
|
|
|a 895.922434
|
| 082 |
|
|
|b Ph105
|
| 100 |
|
|
|a Phan Hồng Giang
|
| 245 |
|
0 |
|a Ghi chép về tác giả và tác phẩm, Chung quanh một số vấn đề văn hóa nghệ thuật :
|
| 245 |
|
0 |
|b Phê bình tiểu luận
|
| 245 |
|
0 |
|c Phan Hồng Giang
|
| 260 |
|
|
|a Hà Nội
|
| 260 |
|
|
|b Hội nhà văn
|
| 260 |
|
|
|c 2015
|
| 650 |
|
|
|a Vietnamese literature,Văn học Việt Nam
|
| 650 |
|
|
|y 20th century,Thế kỷ 20
|
| 904 |
|
|
|i Nguyễn Ngọc Quý, Trúc
|
| 980 |
|
|
|a Trung tâm Học liệu Trường Đại học Cần Thơ
|